000 00303nam a22001337a 4500
008 170922b xxu||||| |||| 00| 0 eng d
020 _a9781563088803
041 _aeng
080 _a37
100 _a46
101 _aEDU
245 _aTHE READERS' ADVISORS' COMPANION
_cSHEARER, K.D
942 _2udc
_cBK
999 _c28964
_d28964